000 01131nam0a2200313 4500
001 RU\NLR\bibl\1815795
005 20250616155201.0
010 _a5-98435-549-3
_92000
035 _a(NLR Aleph) 001806382
090 _a1812626
_c1812626
100 _a20111004d2006 |||y0rusy50 ca
101 0 _arus
102 _aRU
105 _aa |||||||||
200 1 _aХламидиоз собак и кошек
_fР.Х. Равилов
210 _aМосква
_cАвквариум
_cАквариуи-Принт
_d2006
215 _a126, [1] с.
_cил.
_d20
320 _aБиблиогр.: с. 112-127 (218 назв.)
606 1 _aХламидиозы кошек
_92625758
_3RU\NLR\auth\661562318
606 1 _aХламидиозы собак
_92625755
_3RU\NLR\auth\661562315
686 _aП873.6-953
700 1 _4070
_aРавилов
_bР. Х.
_cд-р ветеринарных наук
_f1963-
_gРустам Хаметович
_9136168
_3RU\NLR\AUTH\770136203
801 0 _aRU
_bNLR
_c20111004
_gRCR
801 1 _aRU
_bNLR
_c20111004
830 _aавт. по кн.
942 _cBOOK
980 _aNB